000 00621nam a2200229Ia 4500
003 OSt
005 20221007072745.0
006 a|||||r|||| 00| 0
007 ta
008 221006b |||||||| |||| 00| 0 eng d
024 _a24,560
037 _cTextual
040 _aFLL
_cFLL
_beng
041 _2eng
_aeng
082 _aZ3aN3, G3
100 _aMaxwell W. Harold
_9691094
245 0 _aBibliography of english law to 1650
260 _aLondon
_bSweet & Maxwell, Ltd. England
_c1925
300 _axvi,1-444p
_ccm.
942 _hZ3aN3, G3
_cTEXL
_2CC
999 _c1146902
_d1146902